LEADER 04283 am 2201105 n 450 001 9910348251603321 005 20190128 010 $a2-7297-1036-1 024 7 $a10.4000/books.pul.17928 035 $a(CKB)4100000009763210 035 $a(FrMaCLE)OB-pul-17928 035 $a(oapen)https://directory.doabooks.org/handle/20.500.12854/55602 035 $a(PPN)241653673 035 $a(EXLCZ)994100000009763210 100 $a20191105j|||||||| ||| 0 101 0 $afre 135 $auu||||||m|||| 181 $ctxt$2rdacontent 182 $cc$2rdamedia 183 $acr$2rdacarrier 200 10$aPapauté, monachisme et théories politiques. Volume I $eLe pouvoir et l'institution ecclésiale /$fPierre Guichard, Marie-Thérèse Lorcin, Jean-Michel Poisson, Michel Rubellin 210 $aLyon $cPresses universitaires de Lyon$d2019 215 $a1 online resource (426 p.) 311 $a2-7297-0492-2 330 $aLes soixante-six études rassemblées dans ces deux volumes veulent té­moigner de la vitalité et du profond renouvellement de l'histoire médiévale politique et religieuse. Elles sont offertes par ses collègues français et étrangers à Marcel Pacaut, qui en fut un des plus actifs représentants du­rant plus de trente ans d'enseignement à l'Université de Lyon. Le volume I : Le pouvoir et l'institution ecclésiale, aborde deux thèmes essentiels : - La papauté médiévale - dont l'histoire ne peut plus se concevoir simplement comme celle de la succession des papes - et les relations de l'Église et de l'État. - Le monachisme médiéval, dans son unité et sa diversité, au carrefour du ciel et de la terre, et dont l'empreinte sur la civilisation occidentale demeure toujours présente. 606 $aReligion 606 $aHistory 606 $apapauté 606 $apape 606 $aÉglise 606 $aparoisse 606 $amoine 606 $amonachisme 606 $aordre religieux 610 $apapauté 610 $aÉglise 610 $apape 610 $amonachisme 610 $amoine 610 $aparoisse 610 $aordre religieux 615 4$aReligion 615 4$aHistory 615 4$apapauté 615 4$apape 615 4$aÉglise 615 4$aparoisse 615 4$amoine 615 4$amonachisme 615 4$aordre religieux 700 $aArrignon$b Jean-Pierre$0565899 701 $aAubrun$b Michel$0157643 701 $aAvril$b Joseph$01298423 701 $aBanniard$b Michel$0221628 701 $aBertran Roigé$b Prim$01322750 701 $aBredero$b Adriaan H$01322751 701 $aCoulet$b Noël$0252070 701 $aCowdrey$b Herbert Edward John$01322752 701 $aDemotz$b Bernard$0739494 701 $aDevailly$b Guy$0215347 701 $aGazzaniga$b Jean-Louis$0507934 701 $aGiordanengo$b Gérard$0171820 701 $aGuillemain$b Bernard$0161692 701 $aJourdin$b Michel Mollat du$01322753 701 $aLeclercq$b J$01322754 701 $aLinage Conde$b Antonio$01322755 701 $aLorcin$b Marie-Thérèse$0409960 701 $aMagnou-Nortier$b Elisabeth$0826518 701 $aMartin$b Jean-Marie$0343860 701 $aMillet$b Hélène$0389071 701 $aMornet$b Elisabeth$01234926 701 $aOurliac$b Paul$0180263 701 $aOury$b Guy-Marie$0684280 701 $aPopescu$b Emilian$0215790 701 $aRacinet$b Philippe$01281869 701 $aRapp$b Francis$0154437 701 $aReynaud$b Marcelle-Renée$01238677 701 $aRichard$b Jean$0386203 701 $aRiche$b Denyse$01317052 701 $aRiché$b Pierre$0386205 701 $aRiu$b Manuel Riu$01322756 701 $aVerger$b Jacques$032853 701 $aVial$b Pierre$01322757 701 $aVogüé$b Adalbert de$0411893 701 $aWilks$b Michael$0160480 701 $aWullschleger$b Michel$01314670 701 $aGuichard$b Pierre$015630 701 $aLorcin$b Marie-Thérèse$0409960 701 $aPoisson$b Jean-Michel$090249 701 $aRubellin$b Michel$01294242 801 0$bFR-FrMaCLE 906 $aBOOK 912 $a9910348251603321 996 $aPapauté, monachisme et théories politiques. Volume I$93035166 997 $aUNINA LEADER 03364nam 22007455 450 001 9910739403903321 005 20251113191021.0 010 $a3-030-68421-0 024 7 $a10.1007/978-3-030-68421-1 035 $a(CKB)4100000011763136 035 $a(DE-He213)978-3-030-68421-1 035 $a(MiAaPQ)EBC6480194 035 $a(PPN)253859166 035 $a(EXLCZ)994100000011763136 100 $a20210215d2021 u| 0 101 0 $aeng 135 $aurnn|008mamaa 181 $ctxt$2rdacontent 182 $cc$2rdamedia 183 $acr$2rdacarrier 200 10$aActive Matter Within and Around Us $eFrom Self-Propelled Particles to Flocks and Living Forms /$fby Len Pismen 205 $a1st ed. 2021. 210 1$aCham :$cSpringer International Publishing :$cImprint: Springer,$d2021. 215 $a1 online resource (XIII, 227 p. 236 illus., 216 illus. in color.) 225 1 $aThe Frontiers Collection,$x2197-6619 311 08$a3-030-68420-2 327 $aIntroduction -- Polar Flocks -- Active Nematics -- Active Colloids -- Motion of Microorganisms -- Eukaryotic Cells -- Active Gels -- Live Tissues -- Morphogenesis -- References. 330 $aThis book presents a comprehensive review of various aspects of the novel and rapidly developing field of active matter, which encompasses a wide variety of self-organized self-driven energy-consuming media or agents. Most naturally occurring examples are of biological origin, spanning all scales from intracellular structures to swimming and crawling cells and microorganisms, to living tissues, bacterial colonies and flocks of birds. But the field also encompasses artificial systems, from colloids to soft robots. Intrinsically out of equilibrium and free of constraints of time-reversal symmetry, such systems display a range of surprising and unusual behaviors. In this book, the author emphasizes connections between fluid-mechanical, material, biological and technological aspects of active matter. He employs a minimum of mathematical tools, ensuring that the presentation is accessible to a wider scientific community. Richly illustrated, it gives the reader a clear picture of this fascinating field, its diverse phenomena and its open questions. 410 0$aThe Frontiers Collection,$x2197-6619 606 $aStatistical physics 606 $aSystem theory 606 $aCondensed matter 606 $aCytology 606 $aAnimal culture 606 $aTissues 606 $aChemistry 606 $aStatistical Physics 606 $aComplex Systems 606 $aCondensed Matter Physics 606 $aCell Biology 606 $aAnimal Science 606 $aTissues 615 0$aStatistical physics. 615 0$aSystem theory. 615 0$aCondensed matter. 615 0$aCytology. 615 0$aAnimal culture. 615 0$aTissues. 615 0$aChemistry. 615 14$aStatistical Physics. 615 24$aComplex Systems. 615 24$aCondensed Matter Physics. 615 24$aCell Biology. 615 24$aAnimal Science. 615 24$aTissues. 676 $a620.11 676 $a572.8 700 $aPismen$b Len$0835569 801 0$bMiAaPQ 801 1$bMiAaPQ 801 2$bMiAaPQ 906 $aBOOK 912 $a9910739403903321 996 $aActive matter within and around us$92831731 997 $aUNINA